000 00632nam a2200181 4500
999 _c195949
_d195949
005 20230605162504.0
010 _aENG-136937
020 _a9788183249799
_c950.00
035 _aEN-120469
037 _bDBAD/PUB
082 _a332.0954
245 _aReforming global business and finance :
_bcontemporary issues in the 21st century
_cEdited By Mohmed Amin Mir
260 _aNew Delhi
_bMittal Publications
_c2020
270 _a4594/9, Daryaganj
_bNew Delhi
_e110002
_minfo@mittalbooks.com
_k23250398
_l91-11-41564398
300 _a241p
_c22cm(hbk)
700 _aMir, Mohmed Amin
942 _2ddc
_cEN
_mREF
_h332.0954